000 01004nam a2200277 c 4500
999 _c186527
_d186527
003 BLK
005 20220516093553.0
008 180411b bul|||||r ||||||| ||bul||
010 _aKNG00195522000
040 _aBLK
041 _aBUL
_cBUL
080 _aБългарска литература
_b821.163.2
_x-32
_z821.163.2-32
100 1 _aНиколов, Кольо Стоянов
_eпърви автор
_9327454
139 _aНиколов, Кольо Стоянов
_bН 74
245 1 0 _aКой какъв е в Ню Йорк
_bРазкази
_cКольо Стоянов Николов.
257 _aBGR
260 _bБълг. писател
_c1982
_fВраца : В. Александров
_aСофия
300 _a223 с.
_c21 см
380 _aX
500 _a10 113 тир. - 2 113 екз. от тир. подв.
852 _aЦб 118312
_bЦб
856 4 _qpdf
856 4 _qpdf
942 _cKNG
_n0
_s1
944 _aCR
_c09.11.2016
_kГрета_Цуфелде
944 _aED
_c09.11.2016
_kГрета_Цуфелде
944 _aED
_c2022-05-16
_kСТ
999 _d186527